000 00663nam a2200205Ii 4500
003 JO-AjNU
008 230605s9999||||xx |||||||||||||| ||und||
017 _a2009/4/1372
040 _aJO-AjNU
_bara
_erda
_cJO-AjNU
041 _aara
050 1 4 _aPJ7866 2012
100 3 _aعيسى،عدنان,
_eauthor
_933630
245 0 0 _aوما زال البوح ممكنا ! شعر
264 3 1 _aعمان: مؤسسة زور اليوسف للصحافة والطباعة والنشر، 2012
300 _a79ص
336 _atext
_btxt
_2rdacontent
337 _aunmediated
_bn
_2rdamedia
338 _avolume
_bnc
_2rdacarrier
650 4 _aالشعر العربي
_933631
999 _aA13708
_c17276
_d17276